Stahlbau Handbuch für Studium und Praxis : l.Teil A.
Na minha lista:
| Formato: | Livro |
|---|---|
| Idioma: | alemão |
| Publicado em: |
Köln :
Verlag Mainz,
1993
|
| Tags: |
Sem tags, seja o primeiro a adicionar uma tag!
|
MARC
| LEADER | 00000nam a22000003a 4500 | ||
|---|---|---|---|
| 001 | stu48840 | ||
| 005 | 20141122031014.2 | ||
| 008 | 981210s1993------------------------ger-d | ||
| 020 | |a 3-923726-42-2 | ||
| 040 | |a STU |b slo | ||
| 041 | 0 | |a ger | |
| 080 | |a 624.014.2 | ||
| 245 | |a Stahlbau Handbuch für Studium und Praxis : |b l.Teil A. | ||
| 260 | |a Köln : |b Verlag Mainz, |c 1993 | ||
| 300 | |a 1082 s | ||
| 996 | |c V*45476/O-19990 I,Teil A |l VV9 |s P |a 0 |w stu48840_0001 | ||